| 000 -LEADER |
| fixed length control field |
00480nam a22001697a 4500 |
| 005 - DATE AND TIME OF LATEST TRANSACTION |
| control field |
20240315160352.0 |
| 008 - FIXED-LENGTH DATA ELEMENTS--GENERAL INFORMATION |
| fixed length control field |
240315s1979 enk||||| |||| 00| 0 eng d |
| 041 ## - LANGUAGE CODE |
| Language code of text/sound track or separate title |
eng |
| 080 ## - UNIVERSAL DECIMAL CLASSIFICATION NUMBER |
| Universal Decimal Classification number |
087.5 : 292(100) B-24 |
| 100 ## - MAIN ENTRY--PERSONAL NAME |
| Personal name |
Barber, Richard |
| 9 (RLIN) |
21440 |
| 245 ## - TITLE STATEMENT |
| Title |
A Companion to World Mythology / |
| Statement of responsibility, etc. |
Richard Barber. |
| 264 ## - PRODUCTION, PUBLICATION, DISTRIBUTION, MANUFACTURE, AND COPYRIGHT NOTICE |
| Place of production, publication, distribution, manufacture |
Middlesex, |
| Date of production, publication, distribution, manufacture, or copyright notice |
1979. |
| 300 ## - PHYSICAL DESCRIPTION |
| Extent |
312 c.: |
| Other physical details |
il.; |
| Dimensions |
24 cm. |
| 653 ## - INDEX TERM--UNCONTROLLED |
| keyword |
მითოლოგია |
| 653 ## - INDEX TERM--UNCONTROLLED |
| keyword |
რელიგია |
| 942 ## - ADDED ENTRY ELEMENTS (KOHA) |
| Source of classification or shelving scheme |
|
| Koha item type |
წიგნი |